000 00676nam a2200241Ia 4500
003 OSt
005 20220923213144.0
006 a|||||r|||| 00| 0
007 ta
008 220922b |||||||| |||| 00| 0 hin d
024 _a159,337
037 _cTextual
040 _aARTS
_cARTS
_bhin
041 _2hin
_ahin
082 _aO152,1:g, J0
100 _aमिश्र, रामदहिन
_9156279
245 0 _aकाव्यलोक
246 _aKāvyaloka
260 _c1950
650 _aहिन्दी साहित्य
_9156264
942 _hO152,1:g, J0
_cTEXL
_2CC
999 _c314084
_d314084